Bramkarze z największym % obronionych strzałów w XXI wieku. - Statystyki

Ogólne statystyki
  • Ten quiz został rozwiązany 145 razy
  • Średni wynik to 8 z 10
Statystyki odpowiedzi
Pozycja Nazwisko Narodowość % Poprawnych
7 Manuel Neuer Niemcy
95%
5 Gianluigi Buffon Włochy
94%
3 Petr Cech Czechy
89%
10 Keylor Navas Kostaryka
88%
6 Jan Oblak Słowenia
86%
8 Iker Casillas Hiszpania
85%
2 Edwin Van der Sar Holandia
81%
1 Dida Brazylia
72%
9 Victor Valdes Hiszpania
56%
4 Julio Cesar Brazylia
41%
Nie znaleziono quizów pasujących do podanych kryteriów
Rozkład punktacji
Procent ludzi z każdym wynikiem
Percentyl według liczby udzielonych odpowiedzi
Twoja historia wyników
Nie rozwiązałeś tego quizu